00466nam a2200157Ia 4500003000900000008004100009040001600050080001500066100001700081245008200098260003400180300001300214490004200227650001900269650002000288IN-BaIIA211028s9999 xx 000 0 eng d cIIA Library a512.9bSPA aSpain, Barry 0aVector analysiscBarry Spain  aLondonbD. Van Nostrandc1965 aix,114p. aThe new university mathematics series aNASA Thesaurus aVector Analysis